[Event "Titled Tuesday intern op 10th Jan Late"]
[Site "Chess.com INT"]
[Date "2023.01.10"]
[Round "6"]
[White "Glashausser, Sho"]
[Black "Nathan, Krishna"]
[Result "1-0"]
[WhiteElo "2016"]
[BlackElo "2036"]
[PlyCount "129"]
[EventDate "2023.01.10"]
[EventType "swiss (blitz)"]
[EventRounds "11"]
[EventCountry "USA"]
[SourceTitle "EXT 2024"]
[Source "ChessBase"]
[SourceDate "2023.10.10"]
[SourceVersion "1"]
[SourceVersionDate "2023.10.10"]
[SourceQuality "1"]

1. e4 e6 2. d4 d5 3. Nd2 c5 4. Ngf3 cxd4 5. Nxd4 Nc6 6. Bb5 Bd7 7. Nxc6 bxc6 8. Bd3 Bd6 9. Nf3 Ne7 10. Qe2 Ng6 11. e5 Bc7 12. 0-0 0-0 13. Re1 c5 14. c4 Re8 15. b3 Bc6 16. Bg5 Qd7 17. h4 d4 18. h5 Nf8 19. h6 g6 20. Bf6 Bd8 21. Bxd8 Qxd8 22. Be4 Bxe4 23. Qxe4 Rc8 24. Qf4 Nd7 25. Ng5 Qe7 26. Rad1 Rc6 27. Rd3 f5 28. exf6 Qxf6 29. Qxf6 Nxf6 30. Rf3 e5 31. Ne4 Nxe4 32. Rxe4 Ra6 33. a4 Rd6 34. Kf1 d3 35. Ke1 Rd4 36. Rxd4 exd4+ 37. Kd2 Re2+ 38. Kxd3 Rb2 39. Rf6 Rxb3+ 40. Kd2 Rb2+ 41. Kc1 Rb4 42. Ra6 Rxc4+ 43. Kd2 Rb4 44. Rxa7 c4 45. Rg7+ Kh8 46. Ra7 Rb8 47. Rc7 c3+ 48. Kd3 Rd8 49. a5 Kg8 50. a6 Ra8 51. a7 Kf8 52. Rxh7 Kg8 53. Rg7+ Kh8 54. Rb7 Rc8 55. Rb8 Rg8 56. a8Q Rxb8 57. Qxb8+ Kh7 58. Qc7+ Kxh6 59. Kxd4 Kg5 60. Qxc3 Kg4 61. Qg3+ Kf5 62. f3 g5 63. Qg4+ Kg6 64. Ke5 Kh6 65. Kf5 1-0

[Event "Titled Tuesday intern op 10th Jan Late"]
[Site "Chess.com INT"]
[Date "2023.01.10"]
[Round "11"]
[White "Loebler, Heimo"]
[Black "Nathan, Krishna"]
[Result "0-1"]
[WhiteElo "2109"]
[BlackElo "2036"]
[PlyCount "64"]
[EventDate "2023.01.10"]
[EventType "swiss (blitz)"]
[EventRounds "11"]
[EventCountry "USA"]
[SourceTitle "EXT 2024"]
[Source "ChessBase"]
[SourceDate "2023.10.10"]
[SourceVersion "1"]
[SourceVersionDate "2023.10.10"]
[SourceQuality "1"]

1. d4 c5 2. d5 d6 3. Nc3 g6 4. e4 Bg7 5. Bb5+ Bd7 6. a4 a6 7. Be2 Nf6 8. Nf3 0-0 9. 0-0 Qa5 10. Bd2 Qb6 11. a5 Qxb2 12. Rb1 Qa3 13. Rxb7 Qxa5 14. e5 dxe5 15. Nxe5 Qd8 16. Bf3 Ne8 17. Re1 Nd6 18. Rb1 Bf5 19. Nc6 Nxc6 20. dxc6 Rc8 21. Nd5 Be6 22. c7 Qe8 23. Ba5 Nc4 24. Bc3 Bxd5 25. Bxg7 Bxf3 26. Qxf3 Kxg7 27. Qc3+ f6 28. Qxc4 Rxc7 29. Qxa6 Qc8 30. Qc4 Qf5 31. Re6 Rd8 32. Rbe1 Rdd7 0-1

[Event "Titled Tuesday intern op 10th Jan Late"]
[Site "Chess.com INT"]
[Date "2023.01.10"]
[Round "10"]
[White "Nathan, Krishna"]
[Black "Thiel, Thomas"]
[Result "1-0"]
[WhiteElo "2036"]
[BlackElo "2241"]
[PlyCount "81"]
[EventDate "2023.01.10"]
[EventType "swiss (blitz)"]
[EventRounds "11"]
[EventCountry "USA"]
[SourceTitle "EXT 2024"]
[Source "ChessBase"]
[SourceDate "2023.10.10"]
[SourceVersion "1"]
[SourceVersionDate "2023.10.10"]
[SourceQuality "1"]

1. e4 d5 2. exd5 Nf6 3. d4 Nxd5 4. Nf3 g6 5. Ke2 Bg7 6. c3 0-0 7. g3 Nc6 8. Bg2 b6 9. Na3 Ba6+ 10. Ke1 Re8 11. Qa4 Bb7 12. Bg5 a6 13. h4 h6 14. Bd2 b5 15. Qb3 Nb6 16. Kf1 Na5 17. Qc2 Nac4 18. Nxc4 Nxc4 19. Bf4 Rc8 20. b3 Nd6 21. Ne5 Bxg2+ 22. Kxg2 c5 23. d5 c4 24. b4 Qb6 25. Rhd1 Bxe5 26. Bxe5 h5 27. Qd2 Nf5 28. Qf4 Red8 29. a4 f6 30. Bd4 Qb7 31. axb5 axb5 32. Qf3 Qxd5 33. Qxd5+ Rxd5 34. Bc5 Rcd8 35. Rxd5 Rxd5 36. Ra8+ Kf7 37. Rb8 Rd3 38. Rxb5 Rxc3 39. Rb7 Rb3 40. Ra7 c3 41. Ra1 1-0

[Event "North American op 31st"]
[Site "Las Vegas"]
[Date "2021.12.26"]
[Round "2"]
[White "Homa, Seth"]
[Black "Nathan, Krishna"]
[Result "1-0"]
[WhiteElo "2258"]
[BlackElo "1956"]
[PlyCount "91"]
[EventDate "2021.12.26"]
[EventType "swiss"]
[EventRounds "9"]
[EventCountry "USA"]
[SourceTitle "CBM 205 Extra"]
[Source "ChessBase"]
[SourceDate "2022.01.31"]
[SourceVersion "1"]
[SourceVersionDate "2022.01.31"]
[SourceQuality "1"]

1. d4 d5 2. c4 c6 3. Nc3 Nf6 4. e3 a6 5. Nf3 b5 6. b3 Bg4 7. a4 b4 8. Ne2 a5 9. Ne5 Bh5 10. f3 e6 11. g4 Bg6 12. h4 dxc4 13. bxc4 Nfd7 14. Nxd7 Nxd7 15. h5 Be7 16. Bg2 Bh4+ 17. Kf1 Be4 18. fxe4 Qf6+ 19. Nf4 e5 20. Qf3 exf4 21. e5 Qd8 22. exf4 h6 23. Bb2 0-0 24. Rd1 Nb6 25. Qb3 Rc8 26. Be4 Be7 27. Bc2 Qe8 28. Qd3 g6 29. Kg2 Qd7 30. Kg3 Qe6 31. hxg6 Qxc4 32. Rxh6 Qxd3+ 33. Bxd3 fxg6 34. Rdh1 Nd5 35. Rxg6+ Kf7 36. Rh7+ Ke8 37. f5 b3 38. Re6 Kd8 39. Bc1 b2 40. Bxb2 Rb8 41. Rexe7 Nxe7 42. Ba3 Re8 43. Bc4 Nd5 44. Ra7 Ne3 45. Bf7 Rh8 46. Be7+ 1-0